00326nam a2200121Ia 4500008004100000041000800041082001400049100002800063245003500091260003900126300003200165365000700197240624s9999 xx 000 0 und d aeng a658.8 KRI aKRISHNAMACHARYULU C S G aRURAL MARKETING TEXT AND CASES c2003aNew DelhibPearson Education axvii, : 397 : p. : cm. ; 24 cRS